| 000 | 00449nam a2200145 4500 | ||
|---|---|---|---|
| 999 |
_c10087 _d10087 |
||
| 008 | 180731b ||||| |||| 00| 0 eng d | ||
| 022 | _a2094-8042 | ||
| 082 | _aDPer 370.105 M72 Jan-Dec 2011 | ||
| 100 |
_929780 _aSanchez, Pintas T. |
||
| 245 |
_aLove/ _cPintas T. Sanchez. |
||
| 260 |
_aPhilippines; _bIn The Grade School, Inc., _cc2011. |
||
| 300 |
_av59 n9, page 387: _billustrations; _c27cm. |
||
| 650 | 0 |
_929781 _aLove _xPoetry. |
|
| 942 |
_2ddc _cPER |
||